How to live worry - free (Record no. 12624)

000 -LEADER
fixed length control field 00813nam a2200229 a 4500
001 - CONTROL NUMBER
control field :::00010433$&:&@@
003 - CONTROL NUMBER IDENTIFIER
control field OkBaRHE
005 - DATE AND TIME OF LATEST TRANSACTION
control field 20110420121735.0
008 - FIXED-LENGTH DATA ELEMENTS--GENERAL INFORMATION
fixed length control field s1996 g 000 0 eng u
020 ## - INTERNATIONAL STANDARD BOOK NUMBER
International Standard Book Number 0892767359
040 ## - CATALOGING SOURCE
Transcribing agency
100 1# - MAIN ENTRY--PERSONAL NAME
Personal name Hagin, Kenneth W., 1939-
245 10 - TITLE STATEMENT
Title How to live worry - free
260 ## - PUBLICATION, DISTRIBUTION, ETC. (IMPRINT)
Place of publication, distribution, etc Tulsa, OK., : RHEMA Bible Church
Date of publication, distribution, etc 1996
300 ## - PHYSICAL DESCRIPTION
Extent 55 p. ;
Dimensions 21 cm.
650 ## - SUBJECT ADDED ENTRY--TOPICAL TERM
Topical term or geographic name as entry element Christian Life
650 ## - SUBJECT ADDED ENTRY--TOPICAL TERM
Topical term or geographic name as entry element Faith
9 (RLIN) 146
942 ## - ADDED ENTRY ELEMENTS (KOHA)
Source of classification or shelving scheme
Koha item type Books
Copies
Shelving location Price effective from Copy number Not for loan Collection code Koha item type Lost status Current Location Barcode Permanent Location Source of classification or shelving scheme Date last seen Withdrawn status Damaged status Date acquired Full call number
General Stacks2010-04-141  Books  10433RHEMA Bible Training College 2010-04-14  2010-04-14BV 4501 .H3 1996
General Stacks2011-04-082 ReferenceBooks RHEMA Bible Training College14006RHEMA Bible Training College 2011-04-08  2011-04-08BV 4501 .H3
General Stacks2011-04-083  Books RHEMA Bible Training College21644RHEMA Bible Training College 2011-04-08  2011-04-08BV 4501 .H3